A szökevény. Bálint Tibor halálára. {Fugarul. In memoriam Bálint Tibor}. [The fugitive. In memoriam Bálint Tibor]
Elmentve itt :
| Szerző: | |
|---|---|
| Adatforrás: | Meister |
| Forrásdokumentuma: | A Hét. - 2002. 5, 6. |
| Nyelv: | magyar |
| Kulcsszavak: | In memoriam BÁLINT Tibor |
| LEADER | 00425nab a2200133 i 4500 | ||
|---|---|---|---|
| 001 | bibPRO00011428 | ||
| 008 | 080908s2002 xx hun | ||
| 040 | |a Sz1 | ||
| 041 | |a hun | ||
| 100 | 1 | |a FODOR Sándor | |
| 245 | 1 | 2 | |a A szökevény. Bálint Tibor halálára. {Fugarul. In memoriam Bálint Tibor}. [The fugitive. In memoriam Bálint Tibor] |c FODOR Sándor |
| 695 | |a In memoriam | ||
| 695 | |a BÁLINT Tibor | ||
| 773 | 0 | |t A Hét. - |g 2002. 5, 6. | |